[Event "ROM-ch U08"]
[Site "Calimanesti Caciulata"]
[Date "2019.04.18"]
[Round "5"]
[White "Tirca, Terapont Razvan"]
[Black "Iorga, Flavius Stefan"]
[Result "1-0"]
[WhiteElo "1005"]
[BlackElo "1001"]
[PlyCount "43"]
[EventDate "2019.04.15"]
[EventType "swiss"]
[EventRounds "9"]
[EventCountry "ROU"]
[SourceTitle "CBM 190 Extra"]
[Source "ChessBase"]
[SourceDate "2019.07.15"]
[SourceVersion "1"]
[SourceVersionDate "2019.07.15"]
[SourceQuality "1"]

1. e4 e5 2. Nf3 Nc6 3. d4 Nf6 4. d5 Nb4 5. a3 Na6 6. Nc3 Bc5 7. b4 Bb6 8. Be3 d6 9. Bb5+ Bd7 10. Bc4 0-0 11. Bg5 Bg4 12. h3 Bh5 13. Ne2 h6 14. Bh4 Rc8 15. Ng3 c5 16. b5 Nb8 17. Nxh5 Ba5+ 18. Kf1 Nbd7 19. Rg1 g6 20. Nxf6+ Nxf6 21. Qc1 Qd7 22. Bxf6 1-0